| 000 | 00745cam a2200217 4500 | ||
|---|---|---|---|
| 001 | WB3714-41 | ||
| 008 | 000000n2001 000 0 eng u | ||
| 035 | _a(Sirsi) u111804 | ||
| 245 | _aUrban white paper | ||
| 260 | _c2001 | ||
| 490 |
_aUrban Environment Today _v(118) 29 March 2001, 1(1) |
||
| 520 | _aIn an implementation plan for the urban white paper, government urban policy urges local authorities to incorporate policies to promote better use of brownfield land and to encourage urban living. | ||
| 590 | _aWB | ||
| 650 | _aURBAN REGENERATION | ||
| 650 | _aBROWNFIELD DEVELOPMENT | ||
| 650 | _aURBAN WHITE PAPER | ||
| 650 | _aGOVERNMENT POLICY | ||
| 650 | _aSUSTAINABLE DEVELOPMENT | ||
| 690 | _aREGENERATION | ||
| 942 | _n0 | ||
| 999 |
_c66621 _d66621 |
||